| Поле | Инд. | ПП | Название | Значение |
|---|---|---|---|---|
| Тип записи | a | |||
| Библиографический уровень | b | |||
| 001 | Контрольный номер | RU/IS/BASE/257522178 | ||
| 005 | Дата корректировки | 20200630193207.3 | ||
| 008 | Кодируемые данные | 20080228 | ||
| 040 | b | Код языка каталог. | rus | |
| e | Правила каталог. | PSBO | ||
| 041 | 0_ | a | Код языка текста | rus |
| 084 | a | Индекс другой классификации/Индекс ББК | 83.3(4Исп)6-117 | |
| 100 | 1_ | a | Автор | Павшук А. В. |
| 245 | 10 | a | Заглавие | Особенности эпитета в романе испанского писателя Хосе Мартинеса Руиса (Асорина) "Воля" |
| 504 | a | Библиография | Библиогр. - Примеч.: с. 127 - 128 | |
| 600 | a | Персоналии | Асорин | |
| 650 | a | Основная рубрика | история литературы | |
| a | Основная рубрика | литературоведение | ||
| a | Основная рубрика | поэтика | ||
| a | Основная рубрика | теория литературы | ||
| a | Основная рубрика | филологические науки | ||
| 653 | a | Ключевые слова | "Воля" | |
| a | Ключевые слова | XX век | ||
| a | Ключевые слова | изобразительные средства языка | ||
| a | Ключевые слова | Испания | ||
| a | Ключевые слова | проза | ||
| a | Ключевые слова | романы | ||
| a | Ключевые слова | эпитеты | ||
| a | Ключевые слова | язык автора | ||
| 773 | 0_ | t | Заглавие источника | Вестник Московского университета. Серия 9, Филология |
| d | Дата издания источника | 2007 | ||
| g | Прочая информация | № 3. - С. 120 - 128 | ||
| w | Контрольный № источника | RU/IS/BASE/238074426 | ||
| 901 | t | Тип документа | b |